Normal view MARC view
  • Pansza, Margarita

Entry Nombre Personal

Number of records used in: 11

001 - NUMERO DE CONTROL

  • campo de control: 28594

003 - IDENTIFICADOR DE NUMERO DE CONTROL

  • campo de control: DLC

005 - FECHA Y HORA DE LA ÜLTIMA TRANSACCIÓN

  • campo de control: 20220401135236.0

008 - DATOS DE LONGITUD FIJA

  • campo de control de longitud fija: 220401n| acannaabn |a aaa c

010 ## - NÚMERO DE CONTROL DE LA BIBLIOTECA DEL CONGRESO

  • Número de control LC: n 91065993

035 ## - NUMERO DE CONTROL

  • Número de control: (OCoLC)oca02977901

040 ## - FUENTE DE CATALOGACIÓN

  • Agencia original de catalogación: ICU
  • Lenguaje de catalogación: spa
  • Agencia de transcripción: ICU
  • Agencia que lo modifica: TxU
  • Agencia que lo modifica: OCoLC
  • Agencia que lo modifica: MX-MxUPN

100 1# - ENCABEZAMIENTO - NOMBRE PERSONAL

  • Nombre personal: Pansza, Margarita

375 ## - GÉNERO

  • Gender: femenino

377 ## - LENGUA ASOCIADA

  • Language code: spa

400 1# - VEÁSE - NOMBRE DE PERSONA

  • Personal name: Pansza González, Margarita

400 1# - VEÁSE - NOMBRE DE PERSONA

  • Personal name: González, Margarita Pansza

670 ## - FUENTE EN LA QUE SE LOCALIZARON DATOS

  • Cita de la fuente: En su obra: Pedagogía y currículo, 1989:
  • Información localizada: portada (Margarita Pansza)

670 ## - FUENTE EN LA QUE SE LOCALIZARON DATOS

  • Cita de la fuente: En su obra: Fundamentación de la didáctica, 1986- :
  • Información localizada: v. 1, portada (Margarita Pansza González) página 13 (Margarita Pansza)

902 ## - CATALOGADOR

  • Catalogador: NDAF/220401